La sociología del trabajo y el lenguaje /
Na minha lista:
| Autor principal: | |
|---|---|
| Outros Autores: | |
| Formato: | Texto |
| Tags: |
Adicionar Tag
Sem tags, seja o primeiro a adicionar uma tag!
|
MARC
| LEADER | 00000 a a2200000 04500 | ||
|---|---|---|---|
| 001 | 48440 | ||
| 003 | |||
| 040 | |||
| 100 | |a Borzeix, Anni | ||
| 245 | |a La sociología del trabajo y el lenguaje / |c Anni Borzeix ; traducción de María Jiménez | ||
| 700 | |a Jiménez, María |e traductor | ||
| 773 | |g volumen2, número4, (1996), páginas 165-176 | ||
| 999 | |c 29169 |d 29169 | ||
